000 00318nam a2200133Ia 4500
005 20251218184123.0
008 251218s9999 xx 000 0 und d
020 _a9786034513037
082 _a179.1/B25
100 _aBarrantes, Roxana
245 0 _a Ética Ambiental y Política Pública
264 _bNanuk
942 _cLIB
999 _c95
_d95